Diccionario Francés - Español, Espagnol - Francais
Збережено в:
| Автор: | |
|---|---|
| Формат: | Книга |
| Мова: | Undetermined |
| Опубліковано: |
Barcelona, España
Ediciones Hymsa
2000
|
| Предмети: | |
| Теги: |
Додати тег
Немає тегів, Будьте першим, хто поставить тег для цього запису!
|
MARC
| LEADER | 00000nam a2200000Ia 4500 | ||
|---|---|---|---|
| 008 | 170316s9999 xx 000 0 und d | ||
| 040 | |a cru BVZT | ||
| 090 | |a REF | ||
| 100 | |a Cuyás Armengol, Arturo | ||
| 245 | |a Diccionario Francés - Español, Espagnol - Francais | ||
| 260 | |a Barcelona, España | ||
| 260 | |b Ediciones Hymsa | ||
| 260 | |c 2000 | ||
| 300 | |a 407 páginas | ||
| 650 | |a REFERENCIA |9 27 | ||
| 650 | |a DICCIONARIO FRANCÉS ESPAÑOL - ESPAÑOL FRANCÉS | ||
| 942 | |c REF |2 z | ||
| 999 | |c 15019 |d 15019 | ||
